Ảnh hưởng của một số hoá nông dược lên bộ nhiễm sắc thể tế bào Lympho máu ngoại vi người /
সংরক্ষণ করুন:
| প্রধান লেখক: | |
|---|---|
| অন্যান্য লেখক: | |
| বিন্যাস: | গবেষণাপত্র |
| ভাষা: | Vietnamese |
| প্রকাশিত: |
Đà Lạt :
Trường Đại học Đà Lạt,
2001
|
| বিষয়গুলি: | |
| ট্যাগগুলো: |
ট্যাগ যুক্ত করুন
কোনো ট্যাগ নেই, প্রথমজন হিসাবে ট্যাগ করুন!
|
| Thư viện lưu trữ: | Thư viện Trường Đại học Đà Lạt |
|---|
| LEADER | 01075nam a2200349 4500 | ||
|---|---|---|---|
| 001 | DLU030024074 | ||
| 005 | ##20030801 | ||
| 040 | # | # | |a DLU |b vie |
| 041 | # | # | |a vie |
| 044 | # | # | |a vn |
| 082 | # | # | |a 570 |b TR-L |
| 100 | # | # | |a Trần Thị Ngọc Lan |
| 245 | # | # | |a Ảnh hưởng của một số hoá nông dược lên bộ nhiễm sắc thể tế bào Lympho máu ngoại vi người / |c Trần Thị Ngọc Lan |
| 260 | # | # | |a Đà Lạt : |b Trường Đại học Đà Lạt, |c 2001 |
| 300 | # | # | |a 57 tr. ; |c 29 cm |
| 653 | # | # | |a Chất độc |
| 653 | # | # | |a Hoá nông dược |
| 653 | # | # | |a Máu người |
| 653 | # | # | |a Nhiễm sắc thể |
| 653 | # | # | |a Tế bào limpho |
| 653 | # | # | |a Tế bào lympho |
| 700 | # | # | |a Phạm Bá Phong |c PGS.TS. |e Cán bộ hướng dẫn |
| 901 | # | # | |a /libol50/attach/doc/doc20070619CJDH.pdf |
| 915 | # | # | |a Sinh học |c Thạc sĩ |d Trường Đại học Đà Lạt |
| 994 | # | # | |a DLU |
| 900 | # | # | |a True |
| 911 | # | # | |a Lê Nguyên Khang |
| 925 | # | # | |a G |
| 926 | # | # | |a A |
| 927 | # | # | |a LA |
| 980 | # | # | |a Thư viện Trường Đại học Đà Lạt |